MARC

LEADER 00000nam0a2200000 4500
001 28555
005 20231030202859.0
010 |a 5705002874 
035 |a (RuTPU)RU\TPU\book\28811 
035 |a BOOK00028886 
090 |a 28555 
100 |a 20011209d1994 m y0rusy50 ca 
101 0 |a rus 
102 |a RU 
105 |a d j 000zy 
200 1 |a Альбом машиностроительных чертежей  |e учебное пособие  |f Н. А. Бабулин, В. Ф. Морозов 
210 |a Москва  |c Изд-во стандартов  |d 1994 
215 |a 136 с. 
610 1 |a черчение 
610 1 |a машиностроение 
610 1 |a машиностроительное черчение 
610 1 |a чертежи 
610 1 |a альбомы 
610 1 |a учебные пособия 
675 |a 744:621(084)  |v 3 
700 1 |a Бабулин  |b Н. А.  |g Николай Алексеевич 
701 1 |a Морозов  |b В. Ф.  |g Вячеслав Филлипович 
801 0 |a RU  |b 63413507  |c 20011209  |g PSBO 
801 2 |a RU  |b 63413507  |c 20090630  |g PSBO 
942 |c BK